Statistics for Countries 197 to 242 Capitals

Click here to take the quiz!

General Stats

  • This quiz has been taken 30 times
    (16 since last reset)
  • The average score is 27 of 48

Answer Stats

CountryCapital% Correct
GibraltarGibraltar
100%
MacauMacau
100%
French GuianaCayenne
83%
Hong KongHong Kong
83%
Saint Helena, Ascension and Tristan da CunhaJamestown
83%
PalestineJerusalem East
83%
SvalbardLongyearbyen
83%
ArubaOranjestad
83%
Caribbean Netherlands (Sint Eustatius)Oranjestad
83%
Puerto RicoSan Juan
83%
Turks and Caicos IslandsCockburn Town
67%
MartiniqueFort-de-France
67%
Norfolk IslandKingston
67%
New CaledoniaNouméa
67%
GreenlandNuuk
67%
French PolynesiaPape'ete
67%
Sint MaartenPhilipsburg
67%
MontserratPlymouth/Brades
67%
Saint Pierre and MiquelonSaint-Pierre
67%
Falkland IslandsStanley
67%
AnguillaThe Valley
67%
Faroe IslandsTórshavn
67%
PitcairnAdamstown
50%
GuadeloupeBasse-Terre
50%
US Virgin IslandsCharlotte Amalie
50%
Isle of ManDouglas
50%
Christmas IslandFlying Fish Cove
50%
Cayman IslandsGeorge Town
50%
GuamHagåtña
50%
BermudaHamilton
50%
Western SaharaLaayoune
50%
American SamoaPago Pago
50%
RéunionSaint-Denis
50%
JerseySaint Helier
50%
CuraçaoWillemstad
50%
NiueAlofi
33%
TokelauAtafu
33%
Cook IslandsAvarua
33%
Northern Mariana IslandsCapitol Hill
33%
Saint BarthélemyGustavia
33%
MayotteMamoudzou
33%
Saint MartinMarigot
33%
Wallis and FutunaMata-Utu
33%
Virgin IslandsRoad Town
33%
GuernseySaint Peter Port
33%
Cocos IslandsWest Island
33%
Caribbean Netherlands (Bonaire)Kralendijk
17%
Caribbean Netherlands (Saba)The Bottom
17%

Score Distribution

Percentile by Number Answered

Percent of People with Each Score

Your Score History

You have not taken this quiz since the last reset